00555nam a2200193Ia 45000010006000000050017000060080041000230200018000640400013000820820020000951000018001152450098001332500008002312600053002393000011002925460007003036500034003107000017003445840220170422113400.0140507s9999 xx 000 0 und d a9780748643981 cPK-LaUMT aR 320.01bROB-I aRoberts, Peri 3aAn introduction to political thought :ba conceptual toolkit /cPeri Roberts and Peter Sutch a2nd aEdinburgh,UK:bEdinburgh University Press,c2012 a340 p. aEN aPolitical science-Terminology aSutch, Peter